| 000 | 00847nam a2200229 a 4500 | ||
|---|---|---|---|
| 003 | 0 | ||
| 005 | 20250210154041.0 | ||
| 008 | 130126s19uu xx 00 eng d | ||
| 050 |
_aPHS BR 115.E3 _b.M972 2012 |
||
| 100 | _aMurata, Masahiro | ||
| 245 |
_aChristianity and academic performance / _cMasahiro Murata. |
||
| 260 |
_aLas PiƱas City, Philippines : _bSouthville International School and Colleges, _c2012. |
||
| 300 |
_a17 pages : _billustrations ; _c28 cm. |
||
| 504 | _aIncludes bibliographical references. | ||
| 650 |
_aAcademic performance _xAnalysis. |
||
| 650 |
_aChristianity _xInfluence. |
||
| 650 |
_aChristianity _xInfluence on education. |
||
| 650 |
_aAcademic achievement _xReligious aspects _vChristianity. |
||
| 650 |
_aReligious education _xAcademic performance. |
||
| 650 |
_aStudents _xReligious life. |
||
| 942 |
_2lcc _cPASS |
||
| 999 |
_c98858 _d98858 |
||